|
|
|
|
| LEADER |
00000cam a2200000 a 4500 |
| 001 |
vtls001307069 |
| 003 |
SK-MaSNL |
| 005 |
20260301155731.0 |
| 008 |
180810s1752 xo 0 lat |
| 015 |
|
|
|a SNBHFA
|
| 035 |
|
|
|a SNK000259339
|
| 040 |
|
|
|a SNK
|b slo
|c SNK
|e AACR2
|
| 041 |
0 |
|
|a lat
|
| 044 |
|
|
|a xo
|c SK
|
| 072 |
|
7 |
|a 27-9
|x Dejiny kresťanskej cirkvi
|2 konspekt
|
| 080 |
|
|
|a 27-9
|2 2011
|
| 100 |
1 |
|
|a Sandini, Antonio,
|d 1692-1751
|4 aut
|9 288506
|
| 245 |
1 |
0 |
|a Disputationes Historicae Antonii Sandini
|b Ad Vitas Pontificum Romanorum, Admodum Reverendis, Perill. Praenobilibus, Nobilibus, Excellentibus, Ac Doctissimi Dominis Dominis AA. LL. & Philosophiae Magistris, pro prima SS. Theologiae Laurea Candidatus Dum Per Admodum Reverendum Patrem Georgium Szegedi e Soc. Jesu, SS. Theologiae Doctorem, ejusdémque in Alma Episcopali Universitate Cassoviensi Professorem ordinarium, In Aula ejusdem Universitatis prima SS. Theologiae Laurea condecorarentur, Ab Addictissimis Condiscipulis Dicatae Anno MDCCLII. Mense Augusto, Die
|
| 260 |
|
|
|a Cassoviae
|b Typis Academicis Societatis Jesu
|c Anno MDCCLII. [=1752]
|
| 300 |
|
|
|a [8], 164 s.
|c 17 cm
|
| 500 |
|
|
|a Ozdobné iniciály. Ozdobná linka. Vineta. Zložky. Kustody
|
| 504 |
|
|
|a Živé záhlavie. Poznámky pod textom. Venovanie bakalárom
|
| 508 |
|
|
|a Zoznam bakalárov: Carolus Scharlach, Emericus Thuroczy, Georgius Stankovics, Georgius Zubralovszky, Joannes Hidassi, Joannes Kvietovszky, Josephus Kovács, Mathias Kubanyi, Mathias Orosz, Mathias Wilinyi, Michael Szent-Mihalyi, Paulus drucsay
|
| 610 |
2 |
7 |
|a Rímskokatolícka cirkev
|2 SNKKA
|9 32394
|
| 650 |
0 |
7 |
|a cirkevné dejiny
|2 SNKPH
|9 3909
|
| 700 |
1 |
|
|a Szegedi, Georgius
|4 oth
|9 520336
|
| 700 |
1 |
|
|a Scharlach, Carolus
|4 oth
|9 520337
|
| 700 |
1 |
|
|a Thuroczy, Emericus
|4 oth
|9 520338
|
| 700 |
1 |
|
|a Stankovics, Georgius
|4 oth
|9 302033
|
| 700 |
1 |
|
|a Zubralovszky, Georgius
|4 oth
|9 520339
|
| 700 |
1 |
|
|a Hidassi, Joannes
|4 oth
|9 520340
|
| 700 |
1 |
|
|a Kvietovszky, Joannes
|4 oth
|9 520341
|
| 700 |
1 |
|
|a Kovács, Josephus
|4 oth
|9 520342
|
| 700 |
1 |
|
|a Kubanyi, Mathias
|4 oth
|9 520343
|
| 700 |
1 |
|
|a Orosz, Mathias
|4 oth
|9 520344
|
| 700 |
1 |
|
|a Wilinyi, Mathias
|4 oth
|9 520345
|
| 700 |
1 |
|
|a Szent-Mihalyi, Michael
|4 oth
|9 520346
|
| 700 |
1 |
|
|a Drucsay, Paulus
|4 oth
|9 520347
|
| 710 |
2 |
|
|a Akademická tlačiareň (Košice, Slovensko)
|4 prt
|9 218171
|
| 752 |
|
|
|a Slovensko
|d Košice
|
| 852 |
|
|
|a snk
|p SD 16347
|
| 958 |
|
|
|a ONDV
|
| 958 |
|
|
|a DD
|
| 999 |
|
|
|c 802434
|d 804364
|
| 952 |
|
|
|a SNK
|b SNK
|y PREZ
|7 0
|p 17A1485123
|o snkSD 16347 D1
|i snkKSF 1243/59
|8 5
|0 0
|1 0
|4 0
|d 2022-04-26
|l 0
|r 2026-02-24 02:11:48
|w 2026-02-24
|
| 952 |
|
|
|a SNK
|b SNK
|y PREZ
|7 0
|p 17A1485124
|o snkSD 16347 D2
|i snkKSF 1802/59
|8 5
|0 0
|1 0
|4 0
|d 2022-04-26
|l 0
|r 2026-02-24 02:11:48
|w 2026-02-24
|
| 952 |
|
|
|a SNK
|b SNK
|y PREZ
|7 0
|p 17A1485125
|o snkSD 16347 D3
|i snkF 1959/82
|8 5
|0 0
|1 0
|4 0
|d 2022-04-26
|l 0
|r 2026-02-24 02:11:48
|w 2026-02-24
|
| 952 |
|
|
|a SNK
|b SNK
|y PREZ
|7 0
|p 17A0099899
|o snkSD 16347
|i snkKSF 2116/58
|8 5
|0 0
|1 0
|4 0
|d 1997-10-22
|l 0
|r 2025-12-01 00:00:00
|w 2026-02-24
|